000
00224nam a22000857a 4500
008
161116b xxu||||| |||| 00| 0 eng d
100
_9
1270
_a
Haloi. G
245
_a
Frogs and a snake
260
_a
New delhi
_b
National book trust
_c
2006
999
_c
3973
_d
3973